000 00524nam a2200157 i 4500
001 97113
003 ES-MaACL
005 20230906182038.0
007 t|
008 050706s1910 fr ||||1| fre d
245 0 0 _aManuel d'exercices physiques et de jeux scolaires
_b: ouvrage illustre de figures /
_cMinistère de l'Instruction Publique.
260 _aParis :
_bPaul Herissey,
_c1910.
300 _aXVII, 270 p. ;
_c18 cm.
710 1 _aFrancia.
_bMinistère de l'Instruction Publique.
_94165
852 _aES-MaACL
_jF-9298
999 _c97113
_d97113